| 000 | 00597nam a22001937a 4500 | ||
|---|---|---|---|
| 999 |
_c174087 _d174087 |
||
| 005 | 20200317114938.0 | ||
| 010 | _aA-842700 | ||
| 020 |
_c75.00 _a- |
||
| 035 | _aA-842700 | ||
| 037 |
_bBPPD/PUB _a- |
||
| 082 | _a401 | ||
| 100 | _aمر تبہ: محمد حسن | ||
| 245 |
_aہند و ستا نی ر نگ _cمر تبہ: محمد حسن |
||
| 246 |
_bHindustani Rang (Urdu) _aEdited byMohd. Hasan |
||
| 260 |
_aN.Delhi _bGhalib Academy _c1993 ء |
||
| 270 |
_aNizamuddin West, _bN.Delhi _e110013 _k- _l- |
||
| 300 |
_a304 ص _c22 Cm(Hb) |
||
| 942 |
_2ddc _cUR _h401 _mم ح م |
||